000 00611nam a2200241Ia 4500
005 20260306145549.0
008 008 260114s9999 xx 000 0 eng d
020 _a9780824887438
037 _aEbook
040 _aCRL
040 _beng
040 _cCRL
041 _2eng
041 _aeng
084 _qCRL
245 0 _aBuddhist and Taoist Practice in Medieval Chinese Society
260 _bUniversity of Hawaii Press
260 _c1987
650 _aTheology and Religion
_91123750
856 _uhttps://www.degruyter.com/isbn/9780824887438
942 _cEBOOK
999 _c1689114
_d1689114